00000000nas 2200000zi 4500
0019.927948
003CaOODSP
00520250324130934
006m     o  d f      
007cr |||||||||||
008230929d19711971oncux m o    f0###b0fre|d
040 |aCaOODSP|bfre|erda|cCaOODSP
043 |an-cn---
0861 |aCo41-1F-PDF
24500|aTélécommission étude.
264 1|a[Ottawa] : |bMinistère des communications, |c1971-1971.
310 |aIrrégulier
336 |atexte|btxt|2rdacontent/fre
337 |ainformatique|bc|2rdamedia/fre
338 |aressource en ligne|bcr|2rdacarrier/fre
3621 |aParaît depuis : 1a; ne paraît plus après: 8d?
500 |aPublié aussi en anglais sous le titre : Telecommission study.
650 6|aTélécommunications|zCanada.
7101 |aCanada. |bMinistère des communications, |eorganisme de publication.
77508|tTelecommission study.|w(CaOODSP)9.927947